<?xml version="1.0" encoding="UTF-8"?><?xml-stylesheet type="text/xsl" href="static/style.xsl"?><OAI-PMH xmlns="http://www.openarchives.org/OAI/2.0/" xmlns:xsi="http://www.w3.org/2001/XMLSchema-instance" xsi:schemaLocation="http://www.openarchives.org/OAI/2.0/ http://www.openarchives.org/OAI/2.0/OAI-PMH.xsd"><responseDate>2026-04-14T02:06:30Z</responseDate><request verb="GetRecord" identifier="oai:www.recercat.cat:10256/27270" metadataPrefix="marc">https://recercat.cat/oai/request</request><GetRecord><record><header><identifier>oai:recercat.cat:10256/27270</identifier><datestamp>2025-09-18T18:49:15Z</datestamp><setSpec>com_2072_452966</setSpec><setSpec>com_2072_2054</setSpec><setSpec>col_2072_452969</setSpec></header><metadata><record xmlns="http://www.loc.gov/MARC21/slim" xmlns:dcterms="http://purl.org/dc/terms/" xmlns:xsi="http://www.w3.org/2001/XMLSchema-instance" xmlns:doc="http://www.lyncode.com/xoai" xsi:schemaLocation="http://www.loc.gov/MARC21/slim http://www.loc.gov/standards/marcxml/schema/MARC21slim.xsd">
   <leader>00925njm 22002777a 4500</leader>
   <datafield ind2=" " ind1=" " tag="042">
      <subfield code="a">dc</subfield>
   </datafield>
   <datafield ind2=" " ind1=" " tag="720">
      <subfield code="a">Romero Feliu, Elsa</subfield>
      <subfield code="e">author</subfield>
   </datafield>
   <datafield ind2=" " ind1=" " tag="260">
      <subfield code="c">2024-06</subfield>
   </datafield>
   <datafield ind2=" " ind1=" " tag="520">
      <subfield code="a">El projecte té com a objectiu cobrir una de les necessitats més reclamades pels veïns del barri: dotar el Barri Vell d’un equipament preescolar que actualment és inexistent en la zona. Aquest projecte no només busca proporcionar un servei essencial, sinó també dinamitzar el barri i promoure la interacció social i l’activitat diürna.&#xd;
La llar d’infants s’ubica a la plaça Pere Sacoma, al carrer del Portal Nou, on actualment se situen un conjunt d’edificis de protecció oficial que no compleixen amb les condicions mínimes d’habitabilitat, trobant-se en un estat de precarietat i insalubritat. Tot i l’existència de diferents equipaments culturals al voltant del Portal Nou, aquests no generen suficient activitat durant el dia en els carrers de la zona, deixant aquesta cara del Barri Vell oblidada i inactiva.&#xd;
La proposta parteix de la idea de crear un espai que els infants es puguin fer a la seva mida. S’opta per projectar una escola fluida, on els nens i cuidadors la puguin adaptar a les seves necessitats. Un lloc on ells mateixos puguin experimentar amb l’espai, amb l’entorn i amb les sensacions.&#xd;
En planta baixa, es proposa un espai que es relaciona directament amb la vida pública del carrer. S’hi situa un espai polivalent pensat per a la realització de diverses activitats que es poden portar a terme tant dins com fora de l’horari educatiu, fent que l’edifici sigui funcional el màxim d’hores possibles. A sobre d’aquesta planta baixa, se situa la vida més privada, la de l’infant. La geometria de l’escola bressol es basa en els principis de la neuroarquitectura, aplicant formes orgàniques i corbes que promouen un ambient segur i acollidor pels infants. Aquests dos espais se separen, però alhora es relacionen entre si per permetre establir lligams intergeneracionals que afavoreixin el desenvolupament dels infants.</subfield>
   </datafield>
   <datafield ind2=" " ind1=" " tag="520">
      <subfield code="a">The project aims to address one of the most pressing needs voiced by the residents of the neighborhood: to provide the Old Quarter with a preschool facility, which is currently non-existent in the area. This initiative not only seeks to deliver an essential service but also to energize the neighborhood and encourage social interaction and daytime activity.&#xd;
&#xd;
The nursery is located in Pere Sacoma Square, on Portal Nou Street, where a group of public housing buildings currently stands. These dwellings fail to meet the minimum standards of habitability, existing in a state of precariousness and unsanitary conditions. Despite the presence of several cultural facilities around Portal Nou, they do not generate enough daytime activity on the surrounding streets, leaving this side of the Old Quarter overlooked and inactive.&#xd;
&#xd;
The proposal is grounded in the idea of creating a space tailored to children. The design envisions a fluid school, adaptable by both children and caregivers to their needs. A place where they can experiment with space, with their environment, and with sensory experiences.&#xd;
&#xd;
On the ground floor, the project incorporates a space directly connected to the public life of the street: a multipurpose area designed to host a range of activities, both within and beyond educational hours, ensuring the building remains active for as many hours as possible. Above this ground level lies the more private realm — the child’s world.&#xd;
&#xd;
The geometry of the nursery school is inspired by the principles of neuroarchitecture, using organic and curved forms that foster a safe and welcoming environment for children. These two realms — the public and the private — remain distinct yet connected, allowing for intergenerational bonds that enrich the children’s development.</subfield>
   </datafield>
   <datafield ind2=" " ind1=" " tag="520">
      <subfield code="a">9</subfield>
   </datafield>
   <datafield ind1="8" ind2=" " tag="024">
      <subfield code="a">http://hdl.handle.net/10256/27270</subfield>
   </datafield>
   <datafield tag="653" ind2=" " ind1=" ">
      <subfield code="a">Escoles bressol -- Catalunya -- Girona</subfield>
   </datafield>
   <datafield tag="653" ind2=" " ind1=" ">
      <subfield code="a">Nursery schools -- Catalonia -- Girona</subfield>
   </datafield>
   <datafield tag="653" ind2=" " ind1=" ">
      <subfield code="a">Equipaments escolars -- Planificació</subfield>
   </datafield>
   <datafield tag="653" ind2=" " ind1=" ">
      <subfield code="a">School facilities -- Planning</subfield>
   </datafield>
   <datafield tag="653" ind2=" " ind1=" ">
      <subfield code="a">Barri Vell (Girona : Barri) -- City planning</subfield>
   </datafield>
   <datafield tag="653" ind2=" " ind1=" ">
      <subfield code="a">Barri Vell (Girona : Barri) -- Urbanisme</subfield>
   </datafield>
   <datafield ind2="0" ind1="0" tag="245">
      <subfield code="a">La Bressol : La llar d’infants del Barri Vell</subfield>
   </datafield>
</record></metadata></record></GetRecord></OAI-PMH>